000 00878nam a2200253Ia 4500
003 OSt
005 20220923223255.0
006 a|||||r|||| 00| 0
007 ta
008 220922b |||||||| |||| 00| 0 mar d
024 _a212,743
037 _cTextual
040 _aARTS
_cARTS
_bmar
041 _2mar
_amar
082 _aO155,3N25,GL, 152K8
100 _aदलवी, जयवन्त; बापट, विजय, अनु.
_9167286
245 0 _aघुन लगी बस्तियां
246 _aGhun lagī bastiyāan
260 _aदिल्ली
_b अक्षर प्रकाशन
_c1968
300 _a152पृ0
_ccm.
650 _aमराठी साहित्य
942 _hO155,3N25,GL, 152K8
_cTEXL
_2CC
999 _c363017
_d363017